000 00296nam a22001337a 4500
008 170526b xxu||||| |||| 00| 0 eng d
020 _a0700224971
041 _aeng
080 _22ND
_a626
100 _a25
101 _aIM
245 _aINTRODUCTION TO HYDROLOGY
_cVIESSMAN,W
942 _2udc
_cBK
999 _c14350
_d14350